000 00638na a2200241 4500
001 23120
003 MIRAKIL
005 20181213154949.0
008 170713b tu 000 0
020 _a9786054048090
040 _aMilas
_btur
_cTR-AnCHP
041 _atur
082 _a813.42
_bP34u 2009
090 _a813.42 P34u 2009
100 _aPekçetin, İpek
245 _aUmuda yolculuk
_cİpek Pekçetin
260 _aİstanbul
_bkitapdostu yayınları
_c2009
300 _a136 s.
_bfotğ.
_c19 sm.
440 _akitapdostu yayınları
_v7
490 _aSağlık
_v2
650 _aTürk edebiyatı
_xRoman
942 _2ddc
_cBKS
999 _c3987
_d3987